000 01769nam a22001577a 4500
999 _c513899
_d513899
008 200916b ||||| |||| 00| 0 eng d
100 _aSorvoll, J., and Nordvik, V.
_917739
245 _aSocial citizenship, inequality and homeownership: postwar perspectives from the north of Europe
260 _aSocial Policy and Society
300 _a19(1), Jan 2020. p. 293-306
520 _aIn this article, we analyse the social distribution of residential property in Norway post-1945 in light of the concept of social citizenship. Drawing on data from censuses and tax registers, we examine the social stratification of owner-occupation and housing wealth in a Nordic nation of homeowners. Our study shows that residential property and housing wealth is very unevenly distributed, and that the share of low-income homeowners decreased markedly after 1990. The implications of these findings are discussed with reference to three different conceptions of citizenship: the socio-liberal, the republican and the libertarian. Our main argument is that the falling rate of low-income owner-occupation constitutes an erosion of social citizenship viewed from the socio-liberal and republican conception of citizenship. This follows from theoretical arguments and empirical studies linking homeownership to positive welfare outcomes, such as civic engagement and social integration. The latter is arguably particularly true in some high-homeownership countries, such as Norway, where owner-occupation is the cultural norm and rental housing is associated with low quality and insecurity.- Reproduced
650 _aHomeownership, Housing policy - Norway, Inequality, Social citizenship
_917740
773 _aSocial Policy and Society
906 _aHOUSING - NORWAY
942 _cAR